[Event "German Masters"]
[Site "Rosenheim"]
[Date "2023.12.16"]
[Round "6"]
[White "Bluebaum, Matthias"]
[Black "Prusikin, Michael"]
[Result "1-0"]
[WhiteElo "2670"]
[BlackElo "2513"]
[PlyCount "141"]
[EventDate "2023.12.11"]
[EventType "tourn"]
[EventRounds "9"]
[EventCountry "GER"]
[EventCategory "13"]
[SourceTitle "CB51_2023"]
[SourceDate "2023.12.20"]
[SourceVersion "1"]
[SourceVersionDate "2023.12.20"]
[SourceQuality "1"]

1. c4 Nf6 2. Nf3 g6 3. Nc3 Bg7 4. d4 0-0 5. Bg5 d6 6. e3 h6 7. Bh4 c5 8. d5 Na6 9. Nd2 Nc7 10. e4 Nh5 11. Be2 Nf4 12. 0-0 g5 13. Bg3 Bxc3 14. bxc3 e5 15. dxe6 fxe6 16. e5 dxe5 17. Bf3 Ne8 18. Re1 Qc7 19. Qc2 Nf6 20. Rad1 Rb8 21. Ne4 Nxe4 22. Qxe4 b6 23. Bxf4 Rxf4 24. Qg6+ Qg7 25. Rd8+ Rf8 26. Qd3 Bb7 27. Rxb8 Rxb8 28. Qd6 Re8 29. Bh5 Re7 30. Rxe5 Qf6 31. h3 Kg7 32. Bg4 Rf7 33. Re2 Bc8 34. Qb8 Qd8 35. Qg3 Qf6 36. Re4 Bd7 37. Qe3 Re7 38. a3 Qg6 39. f4 gxf4 40. Rxf4 Rf7 41. Qe5+ Kh7 42. Bh5 Qb1+ 43. Kh2 Rxf4 44. Qxf4 Qf5 45. Qc7 e5 46. Kg1 Qb1+ 47. Kf2 Qf5+ 48. Ke1 Qe4+ 49. Be2 Qb1+ 50. Kf2 Qf5+ 51. Kg1 Qb1+ 52. Bf1 Qd1 53. Qxe5 Kg6 54. Kf2 Bf5 55. Be2 Qd2 56. h4 Bc2 57. Qe6+ Kg7 58. Qe7+ Kg8 59. Qe3 Qd6 60. Qg3+ Qxg3+ 61. Kxg3 Kg7 62. Kf4 Kf6 63. g4 Bh7 64. g5+ hxg5+ 65. hxg5+ Ke6 66. Bg4+ Kd6 67. Bf5 Bg8 68. Bd3 Be6 69. g6 Bg8 70. Kf5 Ke7 71. Ke5 1-0

[Event "German Masters"]
[Site "Rosenheim"]
[Date "2023.12.14"]
[Round "4"]
[White "Costa, Leonardo"]
[Black "Prusikin, Michael"]
[Result "1-0"]
[WhiteElo "2472"]
[BlackElo "2513"]
[PlyCount "107"]
[EventDate "2023.12.11"]
[EventType "tourn"]
[EventRounds "9"]
[EventCountry "GER"]
[EventCategory "13"]
[SourceTitle "CB51_2023"]
[SourceDate "2023.12.20"]
[SourceVersion "1"]
[SourceVersionDate "2023.12.20"]
[SourceQuality "1"]

1. e4 e5 2. Nf3 Nf6 3. d4 Nxe4 4. Bd3 d5 5. Nxe5 Nd7 6. Nc3 Nxc3 7. bxc3 Bd6 8. 0-0 0-0 9. Re1 Bxe5 10. dxe5 Nc5 11. Bf1 Ne6 12. Rb1 c5 13. Qh5 f5 14. exf6 Qxf6 15. f3 Qf5 16. Qxf5 Rxf5 17. Bd3 Rf7 18. Re5 c4 19. Bf5 Nf8 20. Bxc8 Rxc8 21. Rxd5 b6 22. Kf2 Rd7 23. Rxd7 Nxd7 24. Be3 Kf7 25. Rb4 Rc6 26. Bd4 g6 27. f4 Nc5 28. Kf3 Nb7 29. g4 Ke6 30. Rb5 Nd6 31. Re5+ Kf7 32. f5 gxf5 33. gxf5 Ne8 34. Rd5 Ke7 35. h4 Rh6 36. Be3 Rd6 37. Bg5+ Kd7 38. Re5 Nf6 39. Bxf6 Rxf6 40. Kf4 Rf8 41. h5 Rg8 42. f6 Rg2 43. Re7+ Kd6 44. Rxa7 Ke6 45. f7 Rf2+ 46. Ke3 Rf1 47. h6 Kd5 48. a4 Ke5 49. Rb7 Kd5 50. Rd7+ Kc6 51. Re7 Kd6 52. f8Q Rxf8 53. Rxh7 Rf6 54. Rh8 1-0

[Event "German Masters"]
[Site "Rosenheim"]
[Date "2023.12.12"]
[Round "2"]
[White "Svane, Rasmus"]
[Black "Prusikin, Michael"]
[Result "1-0"]
[WhiteElo "2628"]
[BlackElo "2513"]
[PlyCount "119"]
[EventDate "2023.12.11"]
[EventType "tourn"]
[EventRounds "9"]
[EventCountry "GER"]
[EventCategory "13"]
[SourceTitle "CB51_2023"]
[SourceDate "2023.12.20"]
[SourceVersion "1"]
[SourceVersionDate "2023.12.20"]
[SourceQuality "1"]

1. e4 e6 2. d4 d5 3. Nc3 dxe4 4. Nxe4 Bd7 5. Nf3 Bc6 6. Bd3 Nd7 7. 0-0 Ngf6 8. Ng3 Be7 9. Qe2 Bxf3 10. Qxf3 c6 11. Re1 0-0 12. c3 Re8 13. Re2 Qc7 14. Bg5 Nd5 15. Bd2 Bd6 16. Bc2 b5 17. h4 Bf4 18. Be1 N7f6 19. Ne4 Nxe4 20. Bxe4 g6 21. g3 Bh6 22. Kg2 a6 23. h5 Kg7 24. hxg6 hxg6 25. b3 Kg8 26. Bd2 Bxd2 27. Rxd2 Kg7 28. c4 bxc4 29. bxc4 Ne7 30. Qc3 f6 31. Re1 Rad8 32. Bc2 Kf7 33. Rde2 Nf5 34. Bxf5 gxf5 35. Qf3 Qd7 36. Rb2 Kg6 37. Rd1 Rh8 38. Rbb1 Rh5 39. Rh1 Rdh8 40. Rxh5 Rxh5 41. Rb8 Qxd4 42. Rg8+ Kf7 43. Qxh5+ Kxg8 44. Qe8+ Kg7 45. Qxc6 e5 46. c5 f4 47. gxf4 Qxf4 48. Qd7+ Kf8 49. c6 Qe4+ 50. Kg3 Qf4+ 51. Kg2 Qe4+ 52. f3 Qg6+ 53. Kf2 Qc2+ 54. Kg3 Qg6+ 55. Qg4 Qc2 56. Qc8+ Kg7 57. c7 Qc1 58. Qg4+ Kf7 59. c8Q Qg1+ 60. Kh4 1-0

[Event "SUI-chT"]
[Site "Switzerland"]
[Date "2023.08.26"]
[Round "6.2"]
[White "Prusikin, Michael"]
[Black "Georgiadis, Nico"]
[Result "1/2-1/2"]
[WhiteElo "2516"]
[BlackElo "2566"]
[PlyCount "67"]
[EventDate "2023.04.16"]
[EventType "team-tourn"]
[EventRounds "9"]
[EventCountry "SUI"]
[SourceTitle "EXT 2024"]
[Source "ChessBase"]
[SourceDate "2023.10.10"]
[SourceVersion "1"]
[SourceVersionDate "2023.10.10"]
[SourceQuality "1"]
[WhiteTeam "Wollishofen"]
[BlackTeam "Riehen"]
[WhiteTeamCountry "SUI"]
[BlackTeamCountry "SUI"]

1. d4 Nf6 2. Nf3 d5 3. e3 c5 4. dxc5 e6 5. a3 Bxc5 6. c4 0-0 7. Nc3 dxc4 8. Bxc4 Qxd1+ 9. Kxd1 Be7 10. Ke2 b6 11. Bd2 Bb7 12. Rhd1 Rc8 13. Bd3 Nbd7 14. b4 a5 15. bxa5 Rxa5 16. a4 Nc5 17. Bb5 Nb3 18. Rab1 Nxd2 19. Kxd2 Raa8 20. Bf1 Rxc3 21. Kxc3 Ne4+ 22. Kb3 Bd5+ 23. Rxd5 exd5 24. Bb5 Nxf2 25. Ne5 Bc5 26. Re1 Ne4 27. Nd7 Rc8 28. Rd1 Bxe3 29. Rxd5 g6 30. Re5 Nd2+ 31. Kb4 Bd4 32. Rd5 Bc3+ 33. Ka3 Ba5 34. Nxb6 1/2-1/2

[Event "FRA-chT Top 16 GpA"]
[Site "Chartres"]
[Date "2023.06.04"]
[Round "4.4"]
[White "Solodovnichenko, Yuri"]
[Black "Prusikin, Michael"]
[Result "1-0"]
[WhiteElo "2503"]
[BlackElo "2513"]
[PlyCount "115"]
[EventDate "2023.06.01"]
[EventType "team-tourn"]
[EventRounds "7"]
[EventCountry "FRA"]
[SourceTitle "CBM 214 Extra"]
[Source "ChessBase"]
[SourceDate "2023.07.31"]
[SourceVersion "1"]
[SourceVersionDate "2023.07.31"]
[SourceQuality "1"]
[WhiteTeam "Vandoeuvre"]
[BlackTeam "Strasbourg"]
[WhiteTeamCountry "FRA"]
[BlackTeamCountry "FRA"]

1. e4 e6 2. d4 d5 3. Nc3 Nf6 4. e5 Nfd7 5. f4 c5 6. Nf3 Nc6 7. Be3 a6 8. a3 Qb6 9. dxc5 Bxc5 10. Na4 Qa5+ 11. b4 Qxa4 12. bxc5 Rb8 13. c4 Qa5+ 14. Qd2 dxc4 15. Qxa5 Nxa5 16. Rb1 Nb3 17. c6 bxc6 18. Bxc4 Nd4 19. Rxb8 Nxf3+ 20. gxf3 Nxb8 21. Rg1 g6 22. Kf2 Nd7 23. Rb1 Ke7 24. a4 Rf8 25. Rd1 Bb7 26. Rb1 Bc8 27. Bd3 f6 28. Be4 c5 29. Rc1 Kd8 30. a5 Rf7 31. Kg3 f5 32. Bc6 Kc7 33. Ba4 Kd8 34. Bb3 Re7 35. Rd1 Ke8 36. Ba4 Kf7 37. h4 h5 38. Rb1 c4 39. Rb4 c3 40. Rc4 Bb7 41. Rxc3 Nb8 42. Bb6 Bd5 43. Rc8 Rb7 44. Be8+ Kg7 45. Bd8 Nd7 46. Bg5 Ra7 47. Be7 Rb7 48. Bd6 Ra7 49. Bc7 Nf8 50. Bd8 Nd7 51. Bg5 Rb7 52. Rd8 Bc6 53. Bf6+ Nxf6 54. exf6+ Kxf6 55. Bxc6 Rc7 56. Ba4 Rc5 57. Rd6 Rxa5 58. Bb3 1-0

[Event "FRA-chT Top 16 GpA"]
[Site "Chartres"]
[Date "2023.06.02"]
[Round "2.4"]
[White "Prusikin, Michael"]
[Black "Naiditsch, Arkadij"]
[Result "1/2-1/2"]
[WhiteElo "2513"]
[BlackElo "2667"]
[PlyCount "104"]
[EventDate "2023.06.01"]
[EventType "team-tourn"]
[EventRounds "7"]
[EventCountry "FRA"]
[SourceTitle "CBM 214 Extra"]
[Source "ChessBase"]
[SourceDate "2023.07.31"]
[SourceVersion "1"]
[SourceVersionDate "2023.07.31"]
[SourceQuality "1"]
[WhiteTeam "Strasbourg"]
[BlackTeam "Bischwiller"]
[WhiteTeamCountry "FRA"]
[BlackTeamCountry "FRA"]

1. d4 Nf6 2. c4 e6 3. Nf3 d5 4. Nc3 Nbd7 5. Bf4 Bb4 6. cxd5 exd5 7. Rc1 0-0 8. e3 c5 9. Bd3 c4 10. Bb1 b5 11. 0-0 a6 12. Ne5 Qe8 13. Qf3 Qe6 14. Nxd7 Bxd7 15. Be5 Bxc3 16. bxc3 Ne4 17. Qe2 f6 18. Bf4 g5 19. Bxe4 Qxe4 20. Bg3 Rae8 21. Rfe1 Qg6 22. f3 Bf5 23. Qb2 Re6 24. Qa3 Rc8 25. e4 dxe4 26. d5 Ree8 27. Qxa6 exf3 28. gxf3 Bd7 29. Qd6 Bh3 30. Qb6 Qf5 31. d6 Qxf3 32. Qf2 Qc6 33. Qd2 h5 34. Be5 Qc5+ 35. Bd4 Qxd6 36. Rxe8+ Rxe8 37. Re1 Rxe1+ 38. Qxe1 Kf7 39. Qe4 Qe6 40. Qh7+ Ke8 41. Qxh5+ Kd7 42. Kf2 b4 43. cxb4 Bg4 44. Qh7+ Kc6 45. Qc2 Kd5 46. Bc3 Qb6+ 47. Kg3 f5 48. Qd2+ Ke4 49. Qg2+ Kd3 50. Qd2+ Ke4 51. Qg2+ Kd3 52. Qd2+ Ke4 1/2-1/2

[Event "SUI-chT"]
[Site "Switzerland"]
[Date "2023.04.16"]
[Round "1.1"]
[White "Prusikin, Michael"]
[Black "Noe, Christopher"]
[Result "1/2-1/2"]
[WhiteElo "2528"]
[BlackElo "2542"]
[PlyCount "139"]
[EventDate "2023.04.16"]
[EventType "team-tourn"]
[EventRounds "9"]
[EventCountry "SUI"]
[SourceTitle "CBM 213 Extra"]
[Source "ChessBase"]
[SourceDate "2023.05.31"]
[SourceVersion "1"]
[SourceVersionDate "2023.05.31"]
[SourceQuality "1"]
[WhiteTeam "Wollishofen"]
[BlackTeam "Trubschachen"]
[WhiteTeamCountry "SUI"]
[BlackTeamCountry "SUI"]

1. e4 c6 2. d4 d5 3. e5 Bf5 4. Nd2 e6 5. Nb3 c5 6. Bb5+ Nc6 7. dxc5 Bxc5 8. Bxc6+ bxc6 9. Nxc5 Qa5+ 10. c3 Qxc5 11. Ne2 Ne7 12. Be3 Qb5 13. a4 Qxb2 14. 0-0 0-0 15. Bc5 Rfe8 16. Re1 a5 17. Ba3 Qb6 18. Qd4 Rab8 19. Bd6 Rb7 20. Qxb6 Rxb6 21. Nd4 Bg6 22. Bc5 Rb7 23. Ra3 h5 24. Rea1 h4 25. Rb3 Reb8 26. Raa3 Nc8 27. h3 Bd3 28. Rxb7 Rxb7 29. Rb3 Rxb3 30. Nxb3 Bc2 31. Nxa5 Bxa4 32. Nb7 f6 33. f4 Bc2 34. Nd8 Bf5 35. Kf2 Kh7 36. Nxc6 Kg6 37. Nd4 fxe5 38. fxe5 Kg5 39. Ke3 Be4 40. Kf2 g6 41. g3 hxg3+ 42. Kxg3 Bf5 43. Nf3+ Kh6 44. h4 Kg7 45. Ng5 Kg8 46. Kf3 Kg7 47. Kf4 Kh6 48. Nf7+ Kg7 49. Nd8 Kh6 50. Kg3 Kg7 51. Nc6 Kh6 52. Nd4 Kg7 53. Nb5 Kh6 54. Nc7 Kg7 55. Ne8+ Kf7 56. Nf6 Ne7 57. Bxe7 Kxe7 58. Kf4 Kf7 59. Kg5 Kg7 60. Ne8+ Kf7 61. Nd6+ Kg7 62. Nb5 Bd3 63. Nd4 Bf5 64. h5 gxh5 65. Nxf5+ exf5 66. Kxh5 Kf7 67. Kg5 f4 68. Kg4 Ke7 69. Kf3 Kd7 70. Kg4 1/2-1/2

[Event "Augsburg Gutmann Memorial 7th"]
[Site "Augsburg"]
[Date "2023.01.01"]
[Round "6"]
[White "Prusikin, Michael"]
[Black "Costa, Leonardo"]
[Result "1-0"]
[WhiteElo "2517"]
[BlackElo "2349"]
[PlyCount "119"]
[EventDate "2022.12.27"]
[EventType "tourn"]
[EventRounds "10"]
[EventCountry "GER"]
[EventCategory "10"]
[SourceTitle "CBM 212 Extra"]
[Source "ChessBase"]
[SourceDate "2023.03.31"]
[SourceVersion "1"]
[SourceVersionDate "2023.03.31"]
[SourceQuality "1"]

1. Nf3 Nf6 2. c4 e6 3. Nc3 d5 4. e3 Be7 5. b3 0-0 6. Bb2 dxc4 7. bxc4 b6 8. Qc2 Bb7 9. Be2 c5 10. Ng5 h6 11. h4 Nbd7 12. f4 Re8 13. Bf3 Rb8 14. 0-0-0 Nf8 15. Rh3 a6 16. a4 b5 17. axb5 Qa5 18. Bxb7 Rxb7 19. bxa6 Qxa6 20. Nb5 Nd5 21. Ne4 Nb4 22. Qb3 f5 23. Nf2 Ra8 24. Nd3 Qa4 25. Qxa4 Nxd3+ 26. Kc2 Rxa4 27. Kxd3 Rd7+ 28. Kc3 Bf6+ 29. d4 Ng6 30. h5 Ne7 31. Ba3 cxd4+ 32. exd4 Nc6 33. Kb3 Ra8 34. Bc5 Na5+ 35. Kb4 Nc6+ 36. Kb3 Na5+ 37. Kb4 Nc6+ 38. Kc3 Ra2 39. Rd2 Ra1 40. Re3 Rc1+ 41. Rc2 Rd1 42. Rxe6 Nxd4 43. Re8+ Kh7 44. Bxd4 Bxd4+ 45. Nxd4 R1xd4 46. c5 Rxf4 47. c6 Rc7 48. Kd3 Rb4 49. Rd8 Rb6 50. Rd6 Kg8 51. Kd4 Rb1 52. Kc5 Kf8 53. Rd5 Ke7 54. Rxf5 Ke6 55. g4 Re1 56. Kb6 Rc8 57. Kb7 Re8 58. c7 Rb1+ 59. Kc6 Re1 60. Rff2 1-0

[Event "Augsburg Gutmann Memorial 7th"]
[Site "Augsburg"]
[Date "2022.12.31"]
[Round "5"]
[White "Bromberger, Stefan"]
[Black "Prusikin, Michael"]
[Result "1/2-1/2"]
[WhiteElo "2472"]
[BlackElo "2517"]
[PlyCount "30"]
[EventDate "2022.12.27"]
[EventType "tourn"]
[EventRounds "10"]
[EventCountry "GER"]
[EventCategory "10"]
[SourceTitle "CBM 212 Extra"]
[Source "ChessBase"]
[SourceDate "2023.03.31"]
[SourceVersion "1"]
[SourceVersionDate "2023.03.31"]
[SourceQuality "1"]

1. d4 Nf6 2. c4 e6 3. Nc3 Bb4 4. Nf3 d5 5. Bg5 h6 6. Bxf6 Qxf6 7. Qa4+ Nc6 8. e3 0-0 9. Be2 dxc4 10. 0-0 a6 11. Bxc4 Bd6 12. Qc2 e5 13. Nd5 Qd8 14. Rad1 Bg4 15. dxe5 Nxe5 1/2-1/2

[Event "SUI-chT"]
[Site "Switzerland"]
[Date "2022.11.12"]
[Round "8.2"]
[White "Prusikin, Michael"]
[Black "Viennot, Dylan"]
[Result "1-0"]
[WhiteElo "2515"]
[BlackElo "2303"]
[PlyCount "67"]
[EventDate "2022.05.01"]
[EventType "team-tourn"]
[EventRounds "9"]
[EventCountry "SUI"]
[SourceTitle "EXT 2024"]
[Source "ChessBase"]
[SourceDate "2023.10.10"]
[SourceVersion "1"]
[SourceVersionDate "2023.10.10"]
[SourceQuality "1"]
[WhiteTeam "Wollishofen"]
[BlackTeam "Nimzowitsch"]
[WhiteTeamCountry "SUI"]
[BlackTeamCountry "SUI"]

1. d4 d5 2. c4 e6 3. Nc3 c5 4. e3 Nc6 5. Nf3 Nf6 6. cxd5 exd5 7. g3 c4 8. Bg2 Bb4 9. 0-0 0-0 10. Bd2 Re8 11. b3 Bxc3 12. Bxc3 Ne4 13. Rc1 b5 14. bxc4 bxc4 15. Ne5 Nxe5 16. dxe5 Bf5 17. Bd4 Qd7 18. g4 Bg6 19. f3 Ng5 20. f4 Bd3 21. fxg5 Bxf1 22. Kxf1 Rab8 23. h4 Red8 24. Kf2 Rb5 25. Kg3 Ra5 26. Qd2 Qa4 27. Bc3 Rb5 28. Qd4 Rd7 29. Be4 Qxa2 30. Bf5 Re7 31. e6 fxe6 32. Bxe6+ Kh8 33. Rf1 Rb8 34. Qf4 1-0

[Event "Mirandela op 3rd"]
[Site "Mirandela"]
[Date "2022.08.23"]
[Round "9"]
[White "Prusikin, Michael"]
[Black "Lever, Erwan"]
[Result "1-0"]
[WhiteElo "2518"]
[BlackElo "2170"]
[PlyCount "111"]
[EventDate "2022.08.17"]
[EventType "swiss"]
[EventRounds "9"]
[EventCountry "POR"]
[SourceTitle "CBM 209 Extra"]
[Source "ChessBase"]
[SourceDate "2022.09.30"]
[SourceVersion "1"]
[SourceVersionDate "2022.09.30"]
[SourceQuality "1"]

1. d4 Nf6 2. c4 e6 3. Nf3 d5 4. Nc3 c6 5. e3 a6 6. b3 c5 7. Bd3 Nc6 8. Bb2 cxd4 9. exd4 Be7 10. 0-0 b6 11. cxd5 exd5 12. Ne5 Bb7 13. Na4 0-0 14. Rc1 Rc8 15. Bf5 Rc7 16. Qe2 b5 17. Nxc6 Rxc6 18. Nc5 Ba8 19. Nd3 Ne4 20. Rxc6 Bxc6 21. Rc1 Bd7 22. Bxe4 dxe4 23. Qxe4 Bg5 24. Rd1 Re8 25. Qf3 Be6 26. Re1 Re7 27. Ba3 Rd7 28. Nc5 Rxd4 29. Nxe6 fxe6 30. Qc6 Qd7 31. Qxa6 Rd1 32. Qa8+ Bd8 33. Bb4 Rd5 34. g3 Kf7 35. Kg2 h5 36. Rc1 g5 37. Qc6 Qxc6 38. Rxc6 g4 39. Rc2 Rf5 40. a4 bxa4 41. bxa4 Bb6 42. Ra2 Ke8 43. a5 Ba7 44. Be1 Kd7 45. Rc2 Re5 46. Kf1 Rb5 47. Ke2 Re5+ 48. Kd1 Rf5 49. Rb2 Kc6 50. Rc2+ Kd7 51. Ke2 Rb5 52. Ra2 Re5+ 53. Kf1 Kc6 54. Re2 Kd5 55. Rxe5+ Kxe5 56. Bd2 1-0

[Event "Mirandela op 3rd"]
[Site "Mirandela"]
[Date "2022.08.22"]
[Round "8"]
[White "Katz, Alexander R"]
[Black "Prusikin, Michael"]
[Result "1/2-1/2"]
[WhiteElo "2412"]
[BlackElo "2518"]
[PlyCount "62"]
[EventDate "2022.08.17"]
[EventType "swiss"]
[EventRounds "9"]
[EventCountry "POR"]
[SourceTitle "CBM 209 Extra"]
[Source "ChessBase"]
[SourceDate "2022.09.30"]
[SourceVersion "1"]
[SourceVersionDate "2022.09.30"]
[SourceQuality "1"]

1. e4 e5 2. Nf3 Nc6 3. Bb5 a6 4. Ba4 Nf6 5. 0-0 Be7 6. Re1 b5 7. Bb3 d6 8. c3 0-0 9. h3 Nb8 10. d4 Nbd7 11. Nbd2 Bb7 12. a4 c5 13. d5 c4 14. Bc2 Qc7 15. Nf1 Nc5 16. Ng3 g6 17. Bg5 Rfe8 18. Qd2 Nfd7 19. h4 Bxg5 20. hxg5 f6 21. Ra3 Rab8 22. Rea1 Bc8 23. axb5 axb5 24. gxf6 Nxf6 25. Qg5 Qg7 26. Ra7 Bd7 27. Nd2 Re7 28. f3 Rf8 29. Qe3 g5 30. Rf1 Kh8 31. b4 cxb3 1/2-1/2

[Event "Bundesliga 2122"]
[Site "Germany"]
[Date "2022.07.09"]
[Round "14.2"]
[White "Prusikin, Michael"]
[Black "Banusz, Tamas"]
[Result "0-1"]
[WhiteElo "2541"]
[BlackElo "2600"]
[PlyCount "136"]
[EventDate "2022.03.05"]
[EventType "team-tourn"]
[EventRounds "15"]
[EventCountry "GER"]
[SourceTitle "CBM 209 Extra"]
[Source "ChessBase"]
[SourceDate "2022.09.30"]
[SourceVersion "1"]
[SourceVersionDate "2022.09.30"]
[SourceQuality "1"]
[WhiteTeam "Augsburg"]
[BlackTeam "Duesseldorf"]
[WhiteTeamCountry "GER"]
[BlackTeamCountry "GER"]

1. d4 d5 2. c4 e6 3. Nc3 Nf6 4. cxd5 exd5 5. Bg5 c6 6. e3 Bf5 7. Qf3 Bg6 8. Bxf6 Qxf6 9. Qxf6 gxf6 10. Nf3 a5 11. Nh4 Bb4 12. Kd2 a4 13. a3 Ba5 14. Bd3 Nd7 15. f4 Bxd3 16. Kxd3 Nb6 17. Rab1 0-0-0 18. Nf5 Rhe8 19. Rhf1 Kd7 20. Rf2 Rb8 21. Re2 Bxc3 22. Kxc3 h5 23. Rbe1 Rg8 24. Kd3 Rbe8 25. e4 dxe4+ 26. Rxe4 Re6 27. g3 Nd5 28. R1e2 b5 29. Nh6 Rxe4 30. Rxe4 Rb8 31. Nf5 b4 32. axb4 Rxb4 33. Kc2 Rb3 34. Kc1 Rf3 35. Kd2 Kc7 36. Re8 Kd7 37. Re2 Rb3 38. Kc1 Rb5 39. Ne3 Nxe3 40. Rxe3 Rb4 41. Re4 c5 42. Kc2 cxd4 43. Kd3 Rb3+ 44. Kxd4 Rxb2 45. Kc3 a3 46. Ra4 Rf2 47. Kd4 a2 48. Ke4 Kc6 49. Kf5 Kb5 50. Ra8 Rc2 51. Rb8+ Ka6 52. Ra8+ Kb5 53. Rb8+ Kc4 54. Ra8 Kb3 55. Rb8+ Kc3 56. Ra8 Rxh2 57. Kxf6 Kb3 58. Kxf7 h4 59. gxh4 Rxh4 60. Rb8+ Kc4 61. Rc8+ Kb5 62. Rb8+ Kc6 63. Ra8 Rxf4+ 64. Ke6 Rf2 65. Ke5 Kc5 66. Ke4 Kc4 67. Ke3 Rh2 68. Ra7 Kc3 0-1

[Event "SUI-chT"]
[Site "Switzerland"]
[Date "2022.06.12"]
[Round "3.1"]
[White "Stojanovic, Mihajlo"]
[Black "Prusikin, Michael"]
[Result "1/2-1/2"]
[WhiteElo "2501"]
[BlackElo "2515"]
[PlyCount "60"]
[EventDate "2022.05.01"]
[EventType "team-tourn"]
[EventRounds "9"]
[EventCountry "SUI"]
[SourceTitle "EXT 2023"]
[Source "ChessBase"]
[SourceDate "2022.10.05"]
[SourceVersion "1"]
[SourceVersionDate "2022.10.05"]
[SourceQuality "1"]
[WhiteTeam "Reti"]
[BlackTeam "Wollishofen"]
[WhiteTeamCountry "SUI"]
[BlackTeamCountry "SUI"]

1. Nf3 d5 2. d4 e6 3. c4 a6 4. cxd5 exd5 5. Nc3 Nf6 6. Bg5 Be6 7. e3 Nbd7 8. Bd3 Bd6 9. h3 c6 10. Bf4 Qc7 11. Qd2 0-0 12. 0-0 Nb6 13. b3 Nc8 14. Rfe1 Bxf4 15. exf4 Nd6 16. Ne5 Bf5 17. f3 Bxd3 18. Qxd3 Nh5 19. Qd2 g6 20. Rac1 Qd8 21. g4 Ng7 22. Na4 Re8 23. Kg2 f6 24. Nd3 Qc7 25. Nc3 Qf7 26. a4 Rxe1 27. Rxe1 Re8 28. Rc1 Qe7 29. Kf1 Qd8 30. Ne2 Qe7 1/2-1/2

[Event "SUI-chT"]
[Site "Switzerland"]
[Date "2022.05.15"]
[Round "2.1"]
[White "Prusikin, Michael"]
[Black "Vernay, Clovis"]
[Result "1-0"]
[WhiteElo "2515"]
[BlackElo "2523"]
[PlyCount "55"]
[EventDate "2022.05.01"]
[EventType "team-tourn"]
[EventRounds "9"]
[EventCountry "SUI"]
[SourceTitle "EXT 2023"]
[Source "ChessBase"]
[SourceDate "2022.10.05"]
[SourceVersion "1"]
[SourceVersionDate "2022.10.05"]
[SourceQuality "1"]
[WhiteTeam "Wollishofen"]
[BlackTeam "Geneve"]
[WhiteTeamCountry "SUI"]
[BlackTeamCountry "SUI"]

1. e4 e6 2. d4 d5 3. e5 c5 4. c3 Qb6 5. Nf3 Bd7 6. Bd3 Nc6 7. dxc5 Bxc5 8. 0-0 f6 9. b4 Be7 10. Bf4 a5 11. b5 Nxe5 12. Nxe5 fxe5 13. Qh5+ Kf8 14. Bxe5 Bf6 15. Nd2 Bxe5 16. Qxe5 Nf6 17. Nf3 Rc8 18. Rac1 Qc7 19. Qe3 Qc5 20. Qf4 Ke7 21. Qg5 Kf8 22. Rfe1 Kg8 23. c4 Qa3 24. Qe3 g6 25. Ne5 Kg7 26. Nxd7 Nxd7 27. Qxe6 Rhd8 28. Qxd5 1-0

[Event "Mitropa Cup"]
[Site "Corte"]
[Date "2022.05.02"]
[Round "3.1"]
[White "Babula, Vlastimil"]
[Black "Prusikin, Michael"]
[Result "1/2-1/2"]
[WhiteElo "2574"]
[BlackElo "2537"]
[PlyCount "58"]
[EventDate "2022.04.30"]
[EventType "team-tourn"]
[EventRounds "9"]
[EventCountry "FRA"]
[SourceTitle "CBM 208 Extra"]
[Source "ChessBase"]
[SourceDate "2022.07.31"]
[SourceVersion "1"]
[SourceVersionDate "2022.07.31"]
[SourceQuality "1"]
[WhiteTeam "Czech Republic"]
[BlackTeam "Germany"]
[WhiteTeamCountry "CZE"]
[BlackTeamCountry "GER"]

1. d4 d5 2. c4 e6 3. Nf3 a6 4. cxd5 exd5 5. Nc3 Nf6 6. Bg5 Be6 7. e3 Nbd7 8. Bd3 Bd6 9. Bf4 Bxf4 10. exf4 Bg4 11. Qe2+ Kf8 12. h3 Bxf3 13. Qxf3 Qe7+ 14. Kf1 c6 15. g4 Qb4 16. Rd1 Qxb2 17. Bb1 Ne4 18. Bxe4 dxe4 19. Nxe4 Qxa2 20. d5 cxd5 21. Nd6 Nf6 22. Kg2 Rd8 23. Nxb7 Rb8 24. Nd6 Qb3 25. Qxb3 Rxb3 26. Rhe1 g6 27. Rc1 Ne4 28. Nxe4 dxe4 29. Rxe4 Kg7 1/2-1/2

[Event "Rosenheim Millennium"]
[Site "Rosenheim"]
[Date "2022.03.23"]
[Round "1"]
[White "Prusikin, Michael"]
[Black "Schneider, Jana"]
[Result "1/2-1/2"]
[WhiteElo "2541"]
[BlackElo "2266"]
[PlyCount "63"]
[EventDate "2022.03.23"]
[EventType "tourn"]
[EventRounds "9"]
[EventCountry "GER"]
[EventCategory "3"]
[SourceTitle "CBM 207 Extra"]
[Source "ChessBase"]
[SourceDate "2022.05.31"]
[SourceVersion "1"]
[SourceVersionDate "2022.05.31"]
[SourceQuality "1"]

1. Nf3 d5 2. g3 Nf6 3. Bg2 e6 4. 0-0 Be7 5. d3 0-0 6. c4 c5 7. e3 Nc6 8. Nc3 b6 9. b3 Bb7 10. Bb2 Rc8 11. Rc1 Qc7 12. cxd5 exd5 13. d4 Rfd8 14. Nb5 Qb8 15. dxc5 bxc5 16. Bxf6 Bxf6 17. Rxc5 Ba6 18. a4 d4 19. Qc1 Na5 20. b4 Nb3 21. Rxc8 Nxc1 22. Rxb8 Ne2+ 23. Kh1 Rxb8 24. exd4 Bxb5 25. axb5 Nxd4 26. Nxd4 Bxd4 27. Bc6 Rd8 28. Kg2 f5 29. Rc1 Kf7 30. h4 Bb6 31. Rc2 Rd4 32. Rb2 1/2-1/2

[Event "SUI-chT"]
[Site "Switzerland"]
[Date "2021.10.24"]
[Round "5.1"]
[White "Prusikin, Michael"]
[Black "Santos Ruiz, Miguel"]
[Result "1/2-1/2"]
[WhiteElo "2543"]
[BlackElo "2597"]
[PlyCount "80"]
[EventDate "2021.08.29"]
[EventType "team-tourn"]
[EventRounds "9"]
[EventCountry "SUI"]
[SourceTitle "EXT 2023"]
[Source "ChessBase"]
[SourceDate "2022.10.05"]
[SourceVersion "1"]
[SourceVersionDate "2022.10.05"]
[SourceQuality "1"]
[WhiteTeam "Wollishofen"]
[BlackTeam "Winterthur"]
[WhiteTeamCountry "SUI"]
[BlackTeamCountry "SUI"]

1. e4 c5 2. Nf3 d6 3. Bb5+ Nd7 4. d4 cxd4 5. Qxd4 a6 6. Be2 Ngf6 7. 0-0 e5 8. Qe3 Nc5 9. Nfd2 h5 10. c4 g6 11. f3 Bh6 12. Qf2 h4 13. Nc3 Ne6 14. Rd1 Nh5 15. Nd5 Nef4 16. Nxf4 Nxf4 17. Bf1 0-0 18. Nb1 Nh3+ 19. gxh3 Bxc1 20. Kh1 Qg5 21. Rxd6 Be6 22. Nc3 Rfd8 23. Rxd8+ Rxd8 24. Nd5 b5 25. Qc2 Be3 26. Qg2 Qh6 27. Rd1 Bxd5 28. Rxd5 Rxd5 29. exd5 Bc5 30. cxb5 axb5 31. Bxb5 Qc1+ 32. Bf1 Qd1 33. b3 Qxd5 34. Bc4 Qd1+ 35. Qf1 Qd4 36. a4 e4 37. fxe4 Qxe4+ 38. Qg2 Qb1+ 39. Qf1 Qe4+ 40. Qg2 Qb1+ 1/2-1/2